| 000 | 00784nam a22001817a 4500 | ||
|---|---|---|---|
| 008 | 100530t xxu||||g |||| 000 0 ara d | ||
| 020 | _a9770203629 | ||
| 082 |
_222 _a256 _bم ح م |
||
| 100 |
_914336 _aمحمود، عبد الحليم |
||
| 245 |
_a /كتاب الجهاد _cعبد الحليم محمود |
||
| 260 |
_aالقاهرة: _bدار المعارف ،[?1983] _c[?1983] |
||
| 300 |
_a215 ص ؛ _c20 سم. |
||
| 500 | _aإهداء: علاء عبد الغني | ||
| 500 | _aالعنوان على الغلاف: الجهاد فى الإسلام | ||
| 650 |
_aالجهاد في الإسلام _914747 |
||
| 942 |
_2ddc _cBB |
||
| 999 |
_c14022 _d14022 |
||